[Event "4NCL Division Two"]
[Site "Daventry, ENG"]
[Date "2024.05.06"]
[EventDate "2024.05.06"]
[Round "11.45"]
[White "Pal, Rohan"]
[WhiteElo "2182"]
[WhiteTeam "Warwickshire Select 1"]
[Black "Watson, Jacob"]
[BlackElo "1902"]
[BlackTeam "Cambridge University 2"]
[Result "1-0"]

1. e4 c5 2. Nf3 Nc6 3. Bb5 e6 4. O-O Nge7 5. Re1 a6 6. Bf1 d5 7. exd5 Nxd5 8. d4
cxd4 9. Nxd4 Be7 10. Nxc6 bxc6 11. c4 Nf6 12. Qxd8+ Bxd8 13. g3 Bd7 14. Bg2 Bb6 15.
Be3 Bxe3 16. Rxe3 Rb8 17. b3 O-O 18. Nc3 c5 19. Rd1 Rfc8 20. Ne4 Be8 21. Nxf6+ gxf6
22. f4 a5 23. f5 e5 24. Rd6 Kg7 25. g4 Rd8 26. Rxd8 Rxd8 27. Bd5 h5 28. gxh5 Kh6
29. Kf2 Rd6 30. Kf3 a4 31. Ke4 axb3 32. Rxb3 Ba4 33. Rb2 Kxh5 34. Bxf7+ Kh6 35. Bd5
Ra6 36. Bb7 Rd6 37. Bd5 Ra6 38. Rg2 Be8 39. Rg8 Ba4 40. Rg6+ Kh7 41. Bg8+ Kh8 42.
Kd5 Bc2 43. Be6 e4 44. Rg3 Rxa2 45. Kxc5 Ra1 46. Kd6 Rd1+ 47. Ke7 Rd3 48. c5 e3 49.
c6 Rc3 50. Kxf6 e2 51. Rxc3 1-0

[Event "4NCL Division Two"]
[Site "Daventry, ENG"]
[Date "2024.05.06"]
[EventDate "2024.05.06"]
[Round "11.46"]
[White "Lim, Mark"]
[WhiteElo "1858"]
[WhiteTeam "Cambridge University 2"]
[Black "Shephard, Chris C W"]
[BlackElo "2155"]
[BlackTeam "Warwickshire Select 1"]
[Result "0-1"]

1. Nf3 f5 2. d3 d6 3. e4 e5 4. exf5 Bxf5 5. Nc3 Be7 6. Be3 Nf6 7. h3 Nc6 8. g4 Bg6
9. g5 Nh5 10. Be2 Nf4 11. Bxf4 exf4 12. Nd5 O-O 13. Qd2 Bxg5 14. Nxg5 Qxg5 15. Nxc7
Rac8 16. Ne6 Qd5 0-1

[Event "4NCL Division Two"]
[Site "Daventry, ENG"]
[Date "2024.05.06"]
[EventDate "2024.05.06"]
[Round "11.48"]
[White "Velayutham, Sivanandan"]
[WhiteElo "1500"]
[WhiteTeam "Cambridge University 2"]
[Black "Vaidyanathan, Adithya"]
[BlackElo "2153"]
[BlackTeam "Warwickshire Select 1"]
[Result "0-1"]

1. e4 c5 2. Nf3 Nc6 3. Bb5 g6 4. Bxc6 dxc6 5. O-O Bg7 6. d3 Bg4 7. Be3 Bxf3 8. Qxf3
Bxb2 9. Nd2 Bxa1 10. Rxa1 b6 11. Nc4 Nf6 12. e5 Nd5 13. Bh6 Qd7 14. Re1 Qf5 15. Qxf5
gxf5 16. Ne3 Nxe3 17. Rxe3 Rg8 18. e6 fxe6 19. Rxe6 Rg6 20. Rxg6 hxg6 21. f4 Kf7
22. h4 Rd8 23. Kf2 Rd4 24. a3 Ra4 0-1

[Event "4NCL Division Two"]
[Site "Daventry, ENG"]
[Date "2024.05.06"]
[EventDate "2024.05.06"]
[Round "11.51"]
[White "Mestel, A Jonathan"]
[WhiteTitle "GM"]
[WhiteElo "2472"]
[WhiteTeam "The ADs"]
[Black "Rees, Ioan"]
[BlackTitle "FM"]
[BlackElo "2277"]
[BlackTeam "The Audible Checks"]
[Result "1-0"]

1. c4 e5 2. Nc3 Nf6 3. g3 c6 4. d4 e4 5. Bg5 Bb4 6. Qb3 Bxc3+ 7. Qxc3 h6 8. Bxf6 Qxf6 9. Bg2 Qe7 10. e3 O-O 11. Ne2 d6 12. Qc2 Re8 13. Nc3 Bf5 14. g4 Bg6 15. Ne2 Na6 16. a3 Nc7 17. Nf4 Qg5 18. O-O-O Qxg4 19. h4 Ne6 20. Bh3 Qf3 21. Bxe6 Rxe6 22. h5 Bh7 23. Rh3 Qg4 24. Rg3 Qf5 25. Nxe6 Qxe6 26. Rdg1 g5 27. hxg6 Bxg6 28. f4 Kf8 29. Qb3 b5 30. d5 bxc4 31. dxe6 cxb3 32. f5 Bh7 33. Rg7 Bg6 34. R1xg6 fxg6 35. f6 1-0

[Event "4NCL Division Two"]
[Site "Daventry, ENG"]
[Date "2024.05.06"]
[EventDate "2024.05.06"]
[Round "11.52"]
[White "Southcott-Moyers, Indy"]
[WhiteElo "2291"]
[WhiteTeam "The Audible Checks"]
[Black "Bradbury, Neil H"]
[BlackTitle "IM"]
[BlackElo "2274"]
[BlackTeam "The ADs"]
[Result "1/2-1/2"]

1. d4 Nf6 2. Nf3 e6 3. Bf4 c5 4. e3 d5 5. Nbd2 Nc6 6. c3 Bd6 7. Bg3 O-O 8. Bd3 Bxg3 9. hxg3 h6 10. O-O Qd6 11. dxc5 Qxc5 12. e4 e5 13. Qe2 Be6 14. Rfd1 Rfe8 15. exd5 Bxd5 16. Ne4 Nxe4 17. Bxe4 Bc4 18. Qe3 Qxe3 19. fxe3 Re7 20. b3 Be2 21. Rd2 Bxf3 22. gxf3 Rc8 23. Rad1 g6 24. g4 Kg7 25. c4 Rcc7 26. Kf2 Nb8 27. Kg3 b6 28. Rh1 Nd7 29. Rdh2 Nf6 30. Rxh6 Red7 31. R6h2 Nxe4+ 32. fxe4 Kf6 33. Rf2+ Kg5 34. Kf3 Rd6 35. Rhh2 Rcd7 36. Rc2 Rf6+ 37. Kg3 Rd3 38. Rhe2 Rf4 39. Rcd2 Rxg4+ 40. Kf3 Rf4+ 41. Kg2 Rg4+ 42. Kf3 1/2-1/2

[Event "4NCL Division Two"]
[Site "Daventry, ENG"]
[Date "2024.05.06"]
[EventDate "2024.05.06"]
[Round "11.53"]
[White "Richardson, John R"]
[WhiteTitle "FM"]
[WhiteElo "2326"]
[WhiteTeam "The ADs"]
[Black "Blackburn, Jonathan L B"]
[BlackTitle "FM"]
[BlackElo "2296"]
[BlackTeam "The Audible Checks"]
[Result "1-0"]

1. d4 Nf6 2. c4 c5 3. d5 e6 4. Nc3 exd5 5. cxd5 d6 6. Nf3 g6 7. g3 Bg7 8. Bg2 O-O 9. O-O a6 10. a4 Re8 11. Nd2 Nbd7 12. h3 Rb8 13. Nc4 Ne5 14. Nxe5 Rxe5 15. Bf4 Re8 16. e4 b5 17. axb5 axb5 18. Re1 b4 19. Nb1 Nh5 20. Bc1 Bd4 21. g4 Qh4 22. Qf3 Nf6 23. Bf4 Be5 24. Bxe5 Rxe5 25. Nd2 h5 26. Qf4 hxg4 27. Nf3 Qh5 28. Nxe5 Qxe5 29. Qxe5 dxe5 30. hxg4 Bxg4 31. Rec1 Rc8 32. Ra6 Nh5 33. Rc6 Ra8 34. f3 Bd7 35. Rc7 Nf4 36. R1xc5 Ra1+ 37. Kh2 Rd1 38. Rc1 Rd2 39. R1c2 Rxc2 40. Rxc2 Kf8 41. Bf1 Ke7 42. Rc7 Kd6 43. Rb7 f5 44. Rxb4 fxe4 45. fxe4 Bg4 46. Kg3 Bd1 47. Kh4 Bc2 48. Kg5 Ke7 49. Rc4 Bb3 50. Rc7+ Kd6 51. Rc6+ Ke7 52. Rb6 Bc2 53. d6+ Kf8 54. Kf6 1-0

[Event "4NCL Division Two"]
[Site "Daventry, ENG"]
[Date "2024.05.06"]
[EventDate "2024.05.06"]
[Round "11.54"]
[White "Jones, Steven A"]
[WhiteElo "2313"]
[WhiteTeam "The Audible Checks"]
[Black "Roe, Simon J"]
[BlackElo "2263"]
[BlackTeam "The ADs"]
[Result "1-0"]

1. e4 Nf6 2. e5 Nd5 3. d4 d6 4. Nf3 dxe5 5. Nxe5 g6 6. Bc4 Be6 7. O-O Bg7 8. Re1 O-O 9. Nd2 Nd7 10. Nef3 N7b6 11. Bf1 c5 12. dxc5 Nd7 13. Nb3 Qc7 14. Ng5 Nxc5 15. Nxe6 fxe6 16. c3 Rad8 17. Qe2 e5 18. Qc4 Ne6 19. Qxc7 Nexc7 20. g3 b6 21. Nd2 Nf6 22. Rxe5 Ng4 23. Rxe7 Nd5 24. Re2 Ne5 25. f4 Nd3 26. Nf3 Kh8 27. Rd2 Nc5 28. Bc4 Ne7 29. Ng5 Rxd2 30. Bxd2 h6 31. Ne6 Nxe6 32. Bxe6 Rd8 33. Be3 Rd6 34. Bb3 Nf5 35. Bf2 Rd2 36. g4 Ne7 37. Rd1 Rxd1+ 38. Bxd1 Nd5 39. f5 gxf5 40. gxf5 Bf6 41. Bf3 Ne7 42. Be4 Kg7 43. Bd4 Bxd4+ 44. cxd4 Kf6 45. Kf2 Nc8 46. Kg3 Nd6 47. Bd3 Ne8 48. Kg4 Nd6 49. Kf4 Nc8 50. Bc4 Nd6 51. Be6 a5 52. a4 Ne8 53. Ke4 Nc7 54. b3 b5 55. d5 bxa4 56. bxa4 Ne8 57. Kd4 Nc7 58. Kc5 1-0

[Event "4NCL Division Two"]
[Site "Daventry, ENG"]
[Date "2024.05.06"]
[EventDate "2024.05.06"]
[Round "11.55"]
[White "Snape, Ian L"]
[WhiteElo "2184"]
[WhiteTeam "The ADs"]
[Black "Bullen, Alex"]
[BlackTitle "CM"]
[BlackElo "2269"]
[BlackTeam "The Audible Checks"]
[Result "1-0"]

1. c4 e6 2. g3 d5 3. Bg2 Nf6 4. Nf3 Be7 5. O-O O-O 6. d4 c6 7. Qc2 b6 8. b3 Bb7 9. Bb2 Nbd7 10. Nc3 Rc8 11. e4 c5 12. exd5 exd5 13. dxc5 dxc4 14. Rfd1 Qc7 15. Nb5 Qxc5 16. Ba3 Qxb5 17. Bxe7 Be4 18. Qc3 Nd5 19. Qd4 Nxe7 20. Qxe4 Ng6 21. a4 Nc5 22. Qxg6 Qxb3 23. Qf5 Nd3 24. Nd2 Qc3 25. Nxc4 Nxf2 26. Qxf2 Rxc4 27. Bd5 Rc7 28. Qd4 Qc2 29. Ra2 Qg6 30. Qe4 Qh5 31. Rf1 Rd7 32. Rd2 Qg5 33. Rd3 Re7 34. Qf4 Qh5 35. Qf3 Qg5 36. Qf5 Qxf5 37. Rxf5 g6 38. Rf2 Kg7 39. Rfd2 Rc8 40. Bb3 Rc5 41. Rd7 Rce5 42. Bc4 f5 43. Rxe7+ Rxe7 44. Bb5 Kf6 45. Rd7 Rxd7 46. Bxd7 Ke5 47. Kf2 f4 48. Kf3 fxg3 49. hxg3 h5 50. Be8 Kf5 51. Ke3 Kg4 52. Bxg6 Kxg3 53. Bxh5 Kh4 54. Be2 Kg5 55. Ke4 Kf6 56. Kd5 Ke7 57. Kc6 Ke6 58. Kb7 Kd5 59. Kxa7 Kc5 60. Bb5 1-0

[Event "4NCL Division Two"]
[Site "Daventry, ENG"]
[Date "2024.05.06"]
[EventDate "2024.05.06"]
[Round "11.56"]
[White "Freeland, Alex"]
[WhiteElo "2041"]
[WhiteTeam "The Audible Checks"]
[Black "Banerjee, Supratit"]
[BlackElo "2186"]
[BlackTeam "The ADs"]
[Result "0-1"]

1. d4 d5 2. c4 e6 3. Nc3 Be7 4. cxd5 exd5 5. Bf4 c6 6. e3 Nf6 7. Bd3 O-O 8. h3 Nbd7 9. Nf3 Re8 10. O-O Nf8 11. Qc2 Ng6 12. Bh2 Bd6 13. Bxd6 Qxd6 14. Rfb1 Bd7 15. b4 Rac8 16. a4 Qe7 17. Nd2 Nh5 18. Qd1 Nf6 19. Rb3 Nh4 20. b5 c5 21. dxc5 Rxc5 22. Nf3 Nxf3+ 23. Qxf3 Qe5 24. Raa3 Ne4 25. Bxe4 dxe4 26. Qf4 Qxf4 27. exf4 f5 28. Ne2 Rd5 29. Ng3 Rd1+ 30. Kh2 Rd2 31. f3 Be6 32. Re3 exf3 33. Rxf3 Red8 34. Rfe3 Bd5 35. Re2 Rxe2 36. Nxe2 Bc4 37. Re3 Rd2 38. Ng1 Bd5 39. Nf3 Ra2 40. Kg3 h6 41. Re5 Be4 42. Nh4 g5 43. fxg5 hxg5 44. Nf3 f4+ 45. Kh2 Bxf3 46. Rxg5+ Kf7 47. Kg1 Kf6 48. h4 Be4 49. Rg4 Ke5 50. h5 f3 51. gxf3 Bxf3 52. Rg7 Kf6 53. h6 Rxa4 54. Kf2 Bh1 55. Kg3 Ra3+ 56. Kh4 Be4 57. Kg4 Bf5+ 58. Kf4 Ra4+ 59. Ke3 Re4+ 60. Kf3 Re7 61. Rg1 Rh7 62. Ra1 Rxh6 63. Rxa7 Ke5 64. Ke3 Rb6 65. Ra5 Bd7 66. Kd3 Rxb5 67. Ra1 Rd5+ 68. Kc3 Bc6 69. Re1+ Kd6 70. Kc4 b5+ 71. Kb4 Rd4+ 72. Kc3 Kc5 73. Re5+ Rd5 74. Re7 Rd7 75. Re5+ Bd5 76. Rg5 b4+ 77. Kb2 Rf7 78. Rg4 Rf2+ 79. Kc1 b3 80. Kb1 Bc4 81. Rg7 Bd3+ 0-1

[Event "4NCL Division Two"]
[Site "Daventry, ENG"]
[Date "2024.05.06"]
[EventDate "2024.05.06"]
[Round "11.57"]
[White "Duggan, John E"]
[WhiteElo "2111"]
[WhiteTeam "The ADs"]
[Black "Taylor, William J"]
[BlackElo "1972"]
[BlackTeam "The Audible Checks"]
[Result "1-0"]

1. d4 d5 2. c4 e6 3. Nc3 Nf6 4. cxd5 exd5 5. Bg5 c6 6. Qc2 h6 7. Bh4 Be7 8. e3 O-O 9. Bd3 Ne8 10. Bg3 Nd6 11. Nge2 Re8 12. O-O Bf8 13. Rae1 a5 14. Nc1 b5 15. f3 Ba6 16. b3 b4 17. Na4 Bb5 18. Nc5 Na6 19. Nxa6 Rxa6 20. Bf2 a4 21. e4 dxe4 22. fxe4 Bxd3 23. Qxd3 Qa8 24. Bg3 axb3 25. axb3 Qa7 26. Bxd6 Bxd6 27. Kh1 Ra5 28. Qc4 Rh5 29. e5 Bb8 30. Qxc6 Re6 31. Qf3 Rg5 32. Nd3 Rb6 33. Qd5 Rb7 34. Nc5 Re7 35. Ra1 Qc7 36. Na6 Qb7 37. Qxb7 Rxb7 38. Nc5 Rb5 39. Ra8 Kh7 40. Nd7 Bc7 41. Nf8+ Kg8 42. Ne6+ Bb8 43. Nxg5 hxg5 44. g3 1-0

[Event "4NCL Division Two"]
[Site "Daventry, ENG"]
[Date "2024.05.06"]
[EventDate "2024.05.06"]
[Round "11.58"]
[White "Smith, Lynda"]
[WhiteTitle "WCM"]
[WhiteElo "1873"]
[WhiteTeam "The Audible Checks"]
[Black "Jaufarally, Nadia"]
[BlackElo "1986"]
[BlackTeam "The ADs"]
[Result "0-1"]

1. e4 c5 2. Nc3 Nc6 3. g3 g6 4. Bg2 Bg7 5. d3 d6 6. Be3 Rb8 7. Qd2 b5 8. f4 b4 9. Nd1 e6 10. Nf3 Nge7 11. O-O O-O 12. Rb1 Qa5 13. Ra1 Nd4 14. Nxd4 cxd4 15. Bf2 e5 16. a3 Bd7 17. b3 Qa6 18. a4 Nc6 19. Nb2 Na5 20. Nc4 Nxc4 21. dxc4 Bc6 22. Be1 Qb7 23. Qe2 exf4 24. Rxf4 d3 25. Qd1 dxc2 26. Qc1 Bxa1 27. Qxa1 Rbe8 28. Bd2 Bxe4 29. Bxe4 Rxe4 30. Rxe4 Qxe4 31. Bh6 Qe5 32. Qc1 Re8 33. Kf1 Qe2+ 34. Kg1 Qe1+ 0-1

[Event "4NCL Division Two"]
[Site "Daventry, ENG"]
[Date "2024.05.06"]
[EventDate "2024.05.06"]
[Round "11.61"]
[White "Player, Edmund C"]
[WhiteElo "2199"]
[WhiteTeam "Anglian Avengers"]
[Black "Moreby, James"]
[BlackTitle "FM"]
[BlackElo "2414"]
[BlackTeam "The Sharks 2"]
[Result "0-1"]

1. e4 c5 2. Nf3 d6 3. d4 cxd4 4. Nxd4 Nf6 5. Nc3 a6 6. a4 h6 7. Bc4 e6 8. O-O Qc7 9. Qe2 Nc6 10. Nxc6 bxc6 11. a5 Be7 12. Na4 Nd7 13. Be3 c5 14. b4 Bb7 15. bxc5 dxc5 16. Rfd1 Bxe4 17. Bxa6 Bc6 18. Nc3 Bxg2 19. Rxd7 Qxd7 20. Rd1 Qc7 21. Bb5+ Bc6 22. Qf3 Rc8 23. Bf4 Qb7 24. a6 Qxb5 0-1

[Event "4NCL Division Two"]
[Site "Daventry, ENG"]
[Date "2024.05.06"]
[EventDate "2024.05.06"]
[Round "11.62"]
[White "Dong, Bao Nghia"]
[WhiteTitle "FM"]
[WhiteElo "2340"]
[WhiteTeam "The Sharks 2"]
[Black "Kanellopoulos, Panayotis"]
[BlackElo "2243"]
[BlackTeam "Anglian Avengers"]
[Result "0-1"]

1. e4 c5 2. Nf3 d6 3. d4 Nf6 4. Nc3 cxd4 5. Nxd4 a6 6. Bg5 Nbd7 7. f4 h6 8. Bh4 e6 9. Qf3 Be7 10. g4 g5 11. fxg5 Ne5 12. Qe2 Nfxg4 13. h3 hxg5 14. Bg3 Qc7 15. O-O-O Bd7 16. Rg1 Nh6 17. Nf3 Nxf3 18. Qxf3 O-O-O 19. Rd4 Bc6 20. Nd5 exd5 21. exd5 Bb5 22. Bxb5 axb5 23. Rd3 Kd7 24. Rc3 Qa5 25. Re1 Rhe8 26. b4 Qxa2 27. Qd3 Qa1+ 28. Kd2 Qa4 29. Qd4 Rc8 30. Rxe7+ Kxe7 31. Bxd6+ Kd7 32. Bc5 Qa1 33. Qf2 b6 34. Rf3 bxc5 0-1

[Event "4NCL Division Two"]
[Site "Daventry, ENG"]
[Date "2024.05.06"]
[EventDate "2024.05.06"]
[Round "11.63"]
[White "Lewis, Andrew P"]
[WhiteTitle "FM"]
[WhiteElo "2252"]
[WhiteTeam "Anglian Avengers"]
[Black "Hryshchenko, Kamila"]
[BlackElo "2237"]
[BlackTeam "The Sharks 2"]
[Result "1-0"]

1. d4 d6 2. c4 g6 3. e4 Bg7 4. Nc3 Nf6 5. Nf3 O-O 6. Be2 e5 7. Be3 Nc6 8. d5 Ne7 9. Nd2 Nd7 10. b4 f5 11. f3 Rf7 12. c5 Nf6 13. Nc4 b6 14. O-O h5 15. a4 h4 16. Bf2 g5 17. cxd6 cxd6 18. Nb5 Ne8 19. a5 bxa5 20. Nxa5 a6 21. Na7 g4 22. Nxc8 Qxc8 23. fxg4 Nf6 24. g5 Nxe4 25. Bh5 Nxg5 26. Bxf7+ Nxf7 27. Nc6 Qe8 28. b5 a5 29. Rc1 a4 30. b6 Nd8 31. Bxh4 Ndxc6 32. b7 Rb8 33. dxc6 Nxc6 34. Qxa4 Rxb7 35. Rxc6 Rf7 36. Qc4 Qd7 37. Qd5 Bf8 38. Rfc1 Qb7 39. Qe6 Kh7 40. Qxf7+ 1-0

[Event "4NCL Division Two"]
[Site "Daventry, ENG"]
[Date "2024.05.06"]
[EventDate "2024.05.06"]
[Round "11.64"]
[White "Bremner, Adam"]
[WhiteTitle "CM"]
[WhiteElo "2276"]
[WhiteTeam "The Sharks 2"]
[Black "Walker, Martin G"]
[BlackTitle "FM"]
[BlackElo "2194"]
[BlackTeam "Anglian Avengers"]
[Result "0-1"]

1. d4 Nf6 2. c4 g6 3. Nc3 d5 4. Nf3 Bg7 5. Qb3 dxc4 6. Qxc4 O-O 7. e4 Na6 8. Be2 c5 9. d5 e6 10. O-O exd5 11. exd5 Bf5 12. Be3 Re8 13. Rad1 Ne4 14. Nxe4 Rxe4 15. Qc1 Qd6 16. a3 Rd8 17. Bd3 Ree8 18. Bxf5 gxf5 19. g3 b6 20. Bf4 Qd7 21. Bh6 Bxh6 22. Qxh6 Qd6 23. Qg5+ Qg6 24. Qc1 Nc7 25. Nh4 Qf6 26. d6 Rxd6 27. Rxd6 Qxd6 28. Qg5+ Kh8 29. Qxf5 Kg8 30. Qg4+ Kh8 31. Rd1 Qf6 32. b4 Rd8 33. Rxd8+ Qxd8 34. Nf5 Ne6 35. Nh6 Qf8 36. Qh5 f6 37. bxc5 bxc5 38. Ng4 Nd4 39. Qd5 Qe7 40. Ne3 Qc7 41. h4 Kg7 42. Nc4 Qe7 43. Nd6 Qe5 44. Qb7+ Kg6 45. Qf7+ Kh6 46. Qf8+ Kg6 47. Qg8+ Kh5 48. Qxh7+ Kg4 49. Qg6+ Kh3 50. Qb1 Qxd6 51. Qf1+ Kg4 52. Qd1+ Nf3+ 0-1

[Event "4NCL Division Two"]
[Site "Daventry, ENG"]
[Date "2024.05.06"]
[EventDate "2024.05.06"]
[Round "11.65"]
[White "Samarakoon, Vivash Ransara"]
[WhiteElo "2187"]
[WhiteTeam "Anglian Avengers"]
[Black "Price, Gwilym"]
[BlackElo "2298"]
[BlackTeam "The Sharks 2"]
[Result "0-1"]

1. e4 c5 2. Nf3 e6 3. d4 cxd4 4. Nxd4 Nf6 5. Nc3 Nc6 6. g3 Bb4 7. Bg2 O-O 8. O-O d6 9. h3 Bxc3 10. bxc3 e5 11. Nxc6 bxc6 12. Re1 Qc7 13. Bg5 Ne8 14. Be3 Be6 15. f4 Nf6 16. Qe2 d5 17. Bc5 Rfe8 18. f5 Bc8 19. Qe3 Ba6 20. a4 Rab8 21. Ba3 Bc4 22. Qc5 Nd7 23. Qd6 Qxd6 24. Bxd6 Rb2 25. exd5 cxd5 26. Rab1 Rb6 27. Rxb6 axb6 28. Kf2 f6 29. Rb1 Ra8 30. Rb4 Ra5 31. Ke3 Kf7 32. g4 g5 33. Bf3 Ra6 34. Kd2 b5 35. Rxc4 dxc4 36. Ba3 Rxa4 37. Bd5+ Ke8 38. Bb4 Ra6 39. Be4 Rb6 40. Bd5 Ra6 41. Bg8 h6 42. Bd5 Nb8 43. Bb7 Ra7 44. Be4 Ra6 45. Bb7 Rb6 46. Be4 Nc6 47. Bc5 Ra6 48. Bd5 Ne7 49. Bb7 Ra1 50. Be4 Kd7 51. Bf3 Ra6 52. Be4 Rd6+ 53. Bxd6 Kxd6 54. Bf3 Nd5 55. Bxd5 Kxd5 56. Ke3 Kc5 57. Ke2 b4 58. cxb4+ Kxb4 59. Kd2 e4 60. Ke3 Kc3 61. Kxe4 Kxc2 62. Kd5 Kd3 63. Ke6 c3 64. Kxf6 c2 65. Kg6 c1=Q 66. Kxh6 Ke4 67. f6 Qc6 68. Kg7 Ke5 69. f7 Qf6+ 0-1

[Event "4NCL Division Two"]
[Site "Daventry, ENG"]
[Date "2024.05.06"]
[EventDate "2024.05.06"]
[Round "11.66"]
[White "Foisor, Mihaela-Veronica"]
[WhiteTitle "WIM"]
[WhiteElo "2205"]
[WhiteTeam "The Sharks 2"]
[Black "Talsma, Paul"]
[BlackElo "2140"]
[BlackTeam "Anglian Avengers"]
[Result "0-1"]

1. c4 e5 2. Nc3 Bb4 3. g3 Bxc3 4. bxc3 d6 5. Bg2 Ne7 6. d3 c5 7. e4 Nbc6 8. Nf3 O-O 9. O-O h6 10. Ne1 Be6 11. Nc2 Qd7 12. Ne3 Bh3 13. f4 Bxg2 14. Kxg2 f5 15. exf5 Nxf5 16. Qf3 exf4 17. Qd5+ Kh8 18. Rxf4 Nce7 19. Qe4 Rae8 20. Rf3 Ng6 21. Rxf5 Rxe4 22. Rxf8+ Nxf8 23. dxe4 Ng6 24. Bd2 Qe6 25. Kf3 Ne5+ 26. Ke2 Qh3 27. Rg1 Qxh2+ 28. Rg2 Qh1 29. Kf2 Qb1 30. g4 Qxa2 31. Kg3 Qb1 32. g5 Qxe4 33. gxh6 gxh6 34. Kh3 Qf3+ 35. Kh2 a5 0-1

[Event "4NCL Division Two"]
[Site "Daventry, ENG"]
[Date "2024.05.06"]
[EventDate "2024.05.06"]
[Round "11.67"]
[White "Myall, Ivan J"]
[WhiteElo "1983"]
[WhiteTeam "Anglian Avengers"]
[Black "Birtwistle, Nigel"]
[BlackElo "2127"]
[BlackTeam "The Sharks 2"]
[Result "1-0"]

1. e4 c5 2. c3 d6 3. d4 Nf6 4. f3 e6 5. dxc5 d5 6. Be3 Qc7 7. Nd2 Bxc5 8. Bxc5 Qxc5 9. Qe2 O-O 10. e5 Nfd7 11. f4 f6 12. exf6 Nxf6 13. g3 Nc6 14. Ngf3 Bd7 15. Bh3 Rae8 16. Nb3 Qb6 17. O-O-O a5 18. Nbd4 Nxd4 19. Nxd4 a4 20. a3 Ne4 21. Bg2 Nd6 22. Rhe1 Kh8 23. Qc2 Nc4 24. Bf1 Rc8 25. Bxc4 Rxc4 26. Re5 Qd6 27. Nf3 b5 28. Rh5 Rf5 29. Rxf5 exf5 30. Ne5 Qc7 31. Nxc4 Qxc4 32. Qd3 1-0

[Event "4NCL Division Two"]
[Site "Daventry, ENG"]
[Date "2024.05.06"]
[EventDate "2024.05.06"]
[Round "11.68"]
[White "McCarthy, Kevin C"]
[WhiteElo "2013"]
[WhiteTeam "The Sharks 2"]
[Black "Korchagina, Polina"]
[BlackElo "1545"]
[BlackTeam "Anglian Avengers"]
[Result "1-0"]

1. d4 Nf6 2. Nc3 d5 3. e4 dxe4 4. f3 exf3 5. Nxf3 e6 6. Bg5 Bb4 7. Bd3 O-O 8. O-O Bxc3 9. bxc3 Nbd7 10. Qe1 Qe8 11. Qh4 h5 12. Ne5 Nxe5 13. dxe5 Nd7 14. Qe4 g6 15. Bf6 Kh7 16. Qh4 Nxf6 17. Rxf6 Kg7 18. Raf1 Bd7 19. g4 hxg4 20. Qxg4 Rd8 21. Bxg6 fxg6 22. Rxf8 Qxf8 23. Rxf8 Rxf8 24. Qd4 Bc6 25. Qxa7 Rf5 26. Qb8 Rg5+ 27. Kf2 Rf5+ 28. Kg3 Rf7 29. Qc8 Bd5 30. a4 c6 31. a5 g5 32. Kg4 Kg6 33. Qg8+ Rg7 34. Qh8 Kf7 35. Qd8 Bc4 36. Qf6+ Kg8 37. Kh5 Be2+ 38. Kh6 Rh7+ 39. Kg6 Bh5+ 40. Kxg5 Bf7 41. Qd8+ Kg7 42. h4 Rh5+ 43. Kf4 Rf5+ 44. Ke4 Bg6 45. Kd4 Rf7 46. Qg5 Rf5 47. Qe7+ Rf7 48. Qxe6 Bf5 49. Qe8 Rf8 50. Qe7+ Rf7 51. Qg5+ Kf8 52. Qh6+ Ke7 53. Qd6+ Ke8 54. Qb8+ Kd7 55. Qxb7+ Ke8 56. Qxc6+ 1-0

[Event "4NCL Division Two"]
[Site "Warwick, ENG"]
[Date "2024.01.13"]
[EventDate "2024.01.13"]
[Round "3.11"]
[White "Wall, Gavin"]
[WhiteTitle "IM"]
[WhiteElo "2282"]
[WhiteTeam "Gonzaga"]
[Black "Richardson, John R"]
[BlackTitle "FM"]
[BlackElo "2264"]
[BlackTeam "The ADs"]
[Result "0-1"]

1. e4 c6 2. d4 d5 3. e5 Bf5 4. h4 h5 5. c4 e6 6. Nc3 Nd7 7. cxd5 cxd5 8. Bd3
Bxd3 9. Qxd3 Bb4 10. Nf3 Ne7 11. Bd2 Nf5 12. Nxd5 Bxd2+ 13. Nxd2 Nxe5 14. dxe5
Qxd5 15. Qxd5 exd5 16. Rc1 Kd7 17. Nf3 Rac8 18. Kd2 Rc6 19. g3 Rhc8 20. Ng5 f6
21. exf6 gxf6 22. Nh3 Nd6 23. Rxc6 Rxc6 24. Kd3 Ne4 25. Re1 Ra6 26. Re2 Nc5+
27. Ke3 Ne6 28. b3 Rc6 29. Rd2 Kd6 30. Nf4 Rc3+ 31. Nd3 a5 32. f3 f5 33. Kf2 d4
34. Nb2 b5 35. Nd1 Rc1 36. g4 fxg4 37. fxg4 hxg4 38. Kg3 Rc8 39. Nf2 Kd5 40.
Nxg4 Rc3+ 41. Kf2 Nc5 42. Ke1 Rg3 43. Nh6 Ne4 0-1

[Event "4NCL Division Two"]
[Site "Warwick, ENG"]
[Date "2024.01.13"]
[EventDate "2024.01.13"]
[Round "3.12"]
[White "Roe, Simon J"]
[WhiteElo "2259"]
[WhiteTeam "The ADs"]
[Black "Menzies, Colin"]
[BlackTitle "FM"]
[BlackElo "2187"]
[BlackTeam "Gonzaga"]
[Result "0-1"]

1. c4 b6 2. d4 Nf6 3. Nc3 Bb7 4. Qc2 d5 5. cxd5 Nxd5 6. e4 Nxc3 7. bxc3 e6 8.
Nf3 Be7 9. Bb5+ c6 10. Bc4 O-O 11. O-O Qc7 12. Be3 Nd7 13. Rad1 Rad8 14. Rfe1
a6 15. e5 c5 16. Ng5 Bxg5 17. Bxg5 Rde8 18. Re3 cxd4 19. Rh3 g6 20. Rxd4 Qxe5
21. Qd2 Nc5 22. Bf4 Qf5 23. Bh6 e5 24. Bd3 Qxh3 25. gxh3 exd4 26. Bc4 d3 27.
Be3 Rd8 28. Bd4 Rfe8 29. Kf1 b5 30. Bxd3 Ne6 31. Bf6 Be4 0-1

[Event "4NCL Division Two"]
[Site "Warwick, ENG"]
[Date "2024.01.13"]
[EventDate "2024.01.13"]
[Round "3.13"]
[White "Thorarinsson, Pall A."]
[WhiteTitle "FM"]
[WhiteElo "2183"]
[WhiteTeam "Gonzaga"]
[Black "Bradbury, Neil H"]
[BlackTitle "IM"]
[BlackElo "2272"]
[BlackTeam "The ADs"]
[Result "0-1"]

1. d4 Nf6 2. c4 e6 3. Nf3 b6 4. a3 Bb7 5. Nc3 d5 6. cxd5 exd5 7. g3 g6 8. Bf4
Bg7 9. Nb5 Na6 10. Rc1 O-O 11. Nxc7 Nxc7 12. Bxc7 Qe7 13. Bh3 Bh6 14. Rc2 Bc8
15. Bxc8 Raxc8 16. Be5 Nh5 17. g4 Qd7 18. g5 Bxg5 19. Nxg5 f6 20. Rxc8 Rxc8 21.
Nf3 fxe5 22. Nxe5 Qh3 23. e3 Nf6 24. Nd3 Qg2 25. Rf1 Qxh2 26. Qf3 Qd6 27. Ke2
Rc2+ 28. Kd1 Rc8 29. Qe2 Ne4 30. Rg1 Qc6 31. f3 Nf6 32. Rg2 Qa4+ 33. Ke1 Qc4
34. Kf1 Rf8 35. Kg1 Qc8 36. Qc2 Qe6 37. Qd2 Qh3 38. Ne5 Nh5 39. Qd3 Ng3 40. Qb5
Qh1+ 41. Kf2 Ne4+ 0-1

[Event "4NCL Division Two"]
[Site "Warwick, ENG"]
[Date "2024.01.13"]
[EventDate "2024.01.13"]
[Round "3.14"]
[White "Banerjee, Supratit"]
[WhiteElo "2130"]
[WhiteTeam "The ADs"]
[Black "Bourached, Anthony"]
[BlackElo "2163"]
[BlackTeam "Gonzaga"]
[Result "1-0"]

1. e4 c6 2. d4 d5 3. Nd2 dxe4 4. Nxe4 Nf6 5. Nxf6+ exf6 6. c3 Bd6 7. Bd3 O-O 8.
Ne2 Re8 9. O-O Nd7 10. Bf4 Nf8 11. Qd2 h5 12. Bxd6 Qxd6 13. Ng3 h4 14. Ne4 Qd8
15. Rfe1 h3 16. Re3 hxg2 17. Nxf6+ gxf6 18. Rg3+ Ng6 19. Qh6 f5 20. Rxg6+ fxg6
21. Bc4+ Be6 22. Qxg6+ Kf8 23. Bxe6 Rxe6 24. Qxe6 Qd5 25. Qxd5 cxd5 26. Re1 1-0

[Event "4NCL Division Two"]
[Site "Warwick, ENG"]
[Date "2024.01.13"]
[EventDate "2024.01.13"]
[Round "3.15"]
[White "O'Gorman, Alice"]
[WhiteElo "2041"]
[WhiteTeam "Gonzaga"]
[Black "Baltrunas, Evaldas"]
[BlackElo "2158"]
[BlackTeam "The ADs"]
[Result "1/2-1/2"]

1. c4 e5 2. Nc3 Bb4 3. g3 Bxc3 4. bxc3 d6 5. Bg2 Nc6 6. d3 Rb8 7. Nh3 Bd7 8. f4
Qc8 9. Nf2 f5 10. O-O Nf6 11. Rb1 O-O 12. Kh1 Kh8 13. Ba3 b6 14. e4 fxe4 15.
Nxe4 Bh3 16. Qf3 Bxg2+ 17. Qxg2 Nxe4 18. Qxe4 Qd7 19. f5 Ne7 20. g4 Qc6 21.
Qxc6 Nxc6 22. Rf3 Kg8 23. Re1 g6 24. Bc1 gxf5 25. gxf5 Kf7 26. Rh3 Rh8 27. Re4
Ne7 28. Reh4 Rbg8 29. Rh6 Rg4 30. Rxh7+ Rxh7 31. Rxh7+ Rg7 32. Rxg7+ Kxg7 33.
Kg2 Nxf5 34. Kf3 Kf6 35. Kg4 Kg6 36. h4 Ng7 37. Bg5 c6 38. Be7 d5 39. cxd5 cxd5
40. Bf8 Nh5 41. Bd6 Nf6+ 42. Kf3 Kf5 43. a4 a6 44. c4 e4+ 45. Ke2 exd3+ 46.
Kxd3 1/2-1/2

[Event "4NCL Division Two"]
[Site "Warwick, ENG"]
[Date "2024.01.13"]
[EventDate "2024.01.13"]
[Round "3.16"]
[White "Snape, Ian L"]
[WhiteElo "2147"]
[WhiteTeam "The ADs"]
[Black "Freeman, Gordon"]
[BlackTitle "FM"]
[BlackElo "2090"]
[BlackTeam "Gonzaga"]
[Result "1-0"]

1. c4 Nf6 2. Nc3 e5 3. Nf3 Nc6 4. g3 h6 5. Bg2 Bc5 6. O-O d6 7. Na4 O-O 8. d3
Bd7 9. Nxc5 dxc5 10. b3 Bf5 11. Ba3 Qd6 12. Qd2 Rad8 13. Rad1 b6 14. h3 Rfe8
15. g4 Bd7 16. e3 a5 17. Bb2 Bc8 18. Qe2 Qe6 19. Nh4 Bb7 20. Qf3 e4 21. dxe4
Ne5 22. Qf5 Rxd1 23. Rxd1 g5 24. Qxe6 Rxe6 25. Nf5 Bxe4 26. Nxh6+ Kh7 27. Bxe5
Bxg2 28. Kxg2 1-0